[Event "Ruhrgebiet Verbandsbezirksliga Gr 1"]
[Site "Ruhrgebiet"]
[Date "2019.04.07"]
[Round "8.1"]
[White "Schweda, Albert"]
[Black "Bauch, Olaf"]
[Result "0-1"]
[WhiteElo "1510"]
[BlackElo "1910"]
[PlyCount "44"]
[EventDate "2018.09.30"]
[EventType "team-tourn"]
[EventRounds "9"]
[EventCountry "GER"]
[SourceTitle "EXT 2022"]
[Source "ChessBase"]
[SourceDate "2021.10.06"]
[SourceVersion "1"]
[SourceVersionDate "2021.10.06"]
[SourceQuality "1"]
[WhiteTeam "Unna SV II"]
[BlackTeam "Luenen Horstmar SC"]
[WhiteTeamCountry "GER"]
[BlackTeamCountry "GER"]

1. e4 c5 2. Bc4 Nc6 3. Nf3 e6 4. 0-0 a6 5. a3 Qc7 6. c3 Nf6 7. Qe2 b5 8. Ba2 c4 9. b3 Na5 10. bxc4 bxc4 11. e5 Nd5 12. Nd4 Bb7 13. f4 Bc5 14. Kh1 0-0 15. a4 f6 16. Ba3 fxe5 17. Bxc5 Nxf4 18. Nxe6 dxe6 19. Rxf4 Rxf4 20. Bg1 Raf8 21. Na3 Qc6 22. Nc2 Rf2 0-1

[Event "Ruhrgebiet Verbandsbezirksliga Gr 1"]
[Site "Ruhrgebiet"]
[Date "2018.10.28"]
[Round "2.1"]
[White "Medger, Gernot"]
[Black "Bauch, Olaf"]
[Result "0-1"]
[WhiteElo "1813"]
[BlackElo "1910"]
[PlyCount "48"]
[EventDate "2018.09.30"]
[EventType "team-tourn"]
[EventRounds "9"]
[EventCountry "GER"]
[SourceTitle "EXT 2022"]
[Source "ChessBase"]
[SourceDate "2021.10.06"]
[SourceVersion "1"]
[SourceVersionDate "2021.10.06"]
[SourceQuality "1"]
[WhiteTeam "Boenen SV II"]
[BlackTeam "Luenen Horstmar SC"]
[WhiteTeamCountry "GER"]
[BlackTeamCountry "GER"]

1. e4 c5 2. Na3 Nc6 3. c3 Nf6 4. Qe2 d6 5. Nf3 g6 6. Nc2 Bg7 7. g3 Bg4 8. Ne3 Bd7 9. Bg2 Nxe4 10. Nc4 d5 11. Ne3 Nf6 12. h4 h5 13. Ng5 d4 14. Nc4 0-0 15. 0-0 Bf5 16. Re1 dxc3 17. Bxc6 bxc6 18. Qxe7 Qxe7 19. Rxe7 Nd5 20. Rb7 Bd3 21. Na5 Ba6 22. bxc3 Bxb7 23. Nxb7 Rab8 24. Nxc5 Nxc3 0-1

[Event "Ruhrgebiet Verbandsklasse Gruppe 3 1718"]
[Site "Germany"]
[Date "2018.02.04"]
[Round "6.1"]
[White "Bauch, Olaf"]
[Black "Dergatschova, Anna"]
[Result "0-1"]
[WhiteElo "1900"]
[BlackElo "2114"]
[PlyCount "68"]
[EventDate "2017.09.17"]
[EventType "team-tourn"]
[EventRounds "9"]
[EventCountry "GER"]
[SourceTitle "EXT 2022"]
[Source "ChessBase"]
[SourceDate "2021.10.06"]
[SourceVersion "1"]
[SourceVersionDate "2021.10.06"]
[SourceQuality "1"]
[WhiteTeam "Luenen Horstmar SC"]
[BlackTeam "Ruettenscheid Rochade"]
[WhiteTeamCountry "GER"]
[BlackTeamCountry "GER"]

1. e4 c5 2. Nf3 Nc6 3. c3 d5 4. exd5 Qxd5 5. Na3 Bg4 6. Be2 Nf6 7. d4 0-0-0 8. 0-0 cxd4 9. cxd4 e6 10. Nc2 Bh5 11. Bf4 Bd6 12. Ne3 Qe4 13. Bxd6 Rxd6 14. Rc1 Kb8 15. Qb3 Rhd8 16. Rc5 Bxf3 17. Bxf3 Nxd4 18. Bxe4 Nxb3 19. axb3 Nxe4 20. Rb5 a6 21. Rb4 Rd4 22. Ra4 Nd2 23. Re1 Nxb3 24. Ra3 Nc5 25. Rc3 Nd3 26. Re2 Nf4 27. Re1 Rd2 28. Nc4 Ne2+ 29. Kf1 Nxc3 30. Nxd2 Rxd2 31. bxc3 Rc2 32. Re3 a5 33. Rf3 a4 34. Rf4 a3 0-1

[Event "NRW Verbandsklasse Group2 1314"]
[Site "Nordrheinwestfalen"]
[Date "2013.11.03"]
[Round "3.1"]
[White "Bauch, Olaf"]
[Black "Patzer, Joerg"]
[Result "1/2-1/2"]
[WhiteElo "1855"]
[BlackElo "1908"]
[PlyCount "34"]
[EventDate "2013.09.08"]
[EventType "team-tourn"]
[EventRounds "9"]
[EventCountry "GER"]
[SourceTitle "EXT 2020"]
[Source "ChessBase"]
[SourceDate "2019.10.17"]
[SourceVersion "1"]
[SourceVersionDate "2019.10.17"]
[SourceQuality "1"]
[WhiteTeam "Luenen Horstmar SC"]
[BlackTeam "Horst Emscher II"]
[WhiteTeamCountry "GER"]
[BlackTeamCountry "GER"]

1. e4 d6 2. d4 c6 3. c4 g6 4. Nc3 Bg7 5. Be3 Qc7 6. Qd2 e5 7. 0-0-0 Na6 8. Kb1 f5 9. dxe5 dxe5 10. f3 f4 11. Bf2 Nf6 12. g3 0-0 13. Nh3 Nh5 14. g4 Nf6 15. Rg1 Kh8 16. Qd6 Qxd6 17. Rxd6 Ne8 1/2-1/2

[Event "NRW Verbandsklasse Group2 1314"]
[Site "Nordrheinwestfalen"]
[Date "2013.10.13"]
[Round "2.1"]
[White "Reiter, Hans Ernst"]
[Black "Bauch, Olaf"]
[Result "1/2-1/2"]
[WhiteElo "2028"]
[BlackElo "1855"]
[PlyCount "34"]
[EventDate "2013.09.08"]
[EventType "team-tourn"]
[EventRounds "9"]
[EventCountry "GER"]
[SourceTitle "EXT 2020"]
[Source "ChessBase"]
[SourceDate "2019.10.17"]
[SourceVersion "1"]
[SourceVersionDate "2019.10.17"]
[SourceQuality "1"]
[WhiteTeam "Muelheim Nord IV"]
[BlackTeam "Luenen Horstmar SC"]
[WhiteTeamCountry "GER"]
[BlackTeamCountry "GER"]

1. d4 Nf6 2. Nf3 g6 3. Bf4 Bg7 4. c3 0-0 5. h3 d6 6. e3 b6 7. Nbd2 Bb7 8. Bc4 Nbd7 9. 0-0 c5 10. Re1 Rc8 11. Rc1 d5 12. Bf1 Re8 13. Bh2 Ne4 14. Qc2 e5 15. dxe5 Nxe5 16. Nxe5 Bxe5 17. Bxe5 Rxe5 1/2-1/2

[Event "Ruhrgebiet VK1 0708"]
[Site "Germany"]
[Date "2008.04.06"]
[Round "8.1"]
[White "Bauch, Olaf"]
[Black "Rosen, Willy"]
[Result "1/2-1/2"]
[WhiteElo "1923"]
[BlackElo "2279"]
[PlyCount "108"]
[EventDate "2007.09.16"]
[EventType "team"]
[EventRounds "9"]
[EventCountry "GER"]
[SourceTitle "EXT 2009"]
[Source "ChessBase"]
[SourceDate "2008.11.26"]
[SourceVersion "1"]
[SourceVersionDate "2008.11.26"]
[SourceQuality "1"]
[WhiteTeam "Brambauer "]
[BlackTeam "Katernberg III"]
[WhiteTeamCountry "GER"]
[BlackTeamCountry "GER"]

1. e4 c5 2. Nf3 Nc6 3. d4 cxd4 4. Nxd4 Qb6 5. Nb3 Nf6 6. Nc3 e6 7. Be3 Qc7 8. a3 a6 9. f4 d6 10. Be2 Be7 11. 0-0 0-0 12. Bf3 b5 13. Qe2 Rb8 14. g4 b4 15. axb4 Nxb4 16. g5 Nd7 17. Rf2 Nb6 18. Na5 Re8 19. Na4 Nxa4 20. Rxa4 Bd7 21. Ra1 d5 22. c4 Bc5 23. Bxc5 Qxc5 24. exd5 exd5 25. Qd2 Bf5 26. Bxd5 Nd3 27. Nb7 Qxf2+ 28. Qxf2 Nxf2 29. Kxf2 Be4 30. Nd6 Bxd5 31. Nxe8 Bxc4 32. Nd6 Rxb2+ 33. Ke3 Ba2 34. h4 Kf8 35. Kd4 Rf2 36. Ke3 Rh2 37. Ke4 a5 38. Nb5 Rc2 39. Nd4 Rb2 40. Kd3 a4 41. Kc3 Rf2 42. f5 Ke7 43. Kb4 Kd6 44. Kxa4 Rf4 45. Rxa2 Rxd4+ 46. Kb3 Rxh4 47. Ra5 Rg4 48. f6 gxf6 49. Ra6+ Ke5 50. Rxf6 Rxg5 51. Rxf7 h5 52. Kc3 h4 53. Kd3 Rh5 54. Ke3 h3 1/2-1/2

[Event "Ruhrgebiet VK1 0708"]
[Site "Germany"]
[Date "2008.03.09"]
[Round "7.1"]
[White "Bauch, Olaf"]
[Black "Van der Burch, Arie"]
[Result "0-1"]
[WhiteElo "1923"]
[BlackElo "2203"]
[PlyCount "50"]
[EventDate "2007.09.16"]
[EventType "team"]
[EventRounds "9"]
[EventCountry "GER"]
[SourceTitle "EXT 2009"]
[Source "ChessBase"]
[SourceDate "2008.11.26"]
[SourceVersion "1"]
[SourceVersionDate "2008.11.26"]
[SourceQuality "1"]
[WhiteTeam "Brambauer "]
[BlackTeam "Gerthe"]
[WhiteTeamCountry "GER"]
[BlackTeamCountry "GER"]

1. e4 e6 2. d4 d5 3. Bd3 dxe4 4. Bxe4 Nf6 5. Bf3 c5 6. Ne2 Nc6 7. c3 e5 8. Bg5 cxd4 9. Bxc6+ bxc6 10. cxd4 exd4 11. Qxd4 Qxd4 12. Nxd4 Ne4 13. Be3 Bb4+ 14. Nd2 0-0 15. a3 Bxd2+ 16. Bxd2 c5 17. Nc2 Rb8 18. Bc1 Ba6 19. f3 Nf6 20. Kf2 Nd5 21. b4 Rfe8 22. Ne3 Nf4 23. Bd2 Rbd8 24. Ra2 c4 25. Rc2 c3 0-1

[Event "Ruhrgebiet VK1 0708"]
[Site "Germany"]
[Date "2008.02.17"]
[Round "6.1"]
[White "Barskij, Alexander"]
[Black "Bauch, Olaf"]
[Result "1-0"]
[WhiteElo "1993"]
[BlackElo "1923"]
[PlyCount "37"]
[EventDate "2007.09.16"]
[EventType "team"]
[EventRounds "9"]
[EventCountry "GER"]
[SourceTitle "EXT 2009"]
[Source "ChessBase"]
[SourceDate "2008.11.26"]
[SourceVersion "1"]
[SourceVersionDate "2008.11.26"]
[SourceQuality "1"]
[WhiteTeam "Brackel III"]
[BlackTeam "Brambauer "]
[WhiteTeamCountry "GER"]
[BlackTeamCountry "GER"]

1. e4 d5 2. exd5 Qxd5 3. Nc3 Qa5 4. d4 Bf5 5. Qf3 c6 6. b4 Qxb4 7. Rb1 Qa5 8. Rxb7 Nf6 9. Bd2 Bg4 10. Qf4 Qd8 11. Bc4 Qc8 12. Rc7 Qd8 13. Ne4 Nd5 14. Bxd5 cxd5 15. Nc5 Bc8 16. Ba5 Nc6 17. Rxa7 Nxa5 18. Rxa8 Nc6 19. Nf3 1-0

[Event "Ruhrgebiet VL1 0405"]
[Site "Ruhrgebiet"]
[Date "2005.01.09"]
[Round "5.7"]
[White "Nadrowski, Joseph"]
[Black "Bauch, Olaf"]
[Result "1/2-1/2"]
[WhiteElo "1706"]
[BlackElo "1890"]
[PlyCount "105"]
[EventDate "2004.09.12"]
[EventType "team"]
[EventRounds "9"]
[EventCountry "GER"]
[SourceTitle "EXT 2006"]
[Source "ChessBase"]
[SourceDate "2005.11.24"]
[SourceVersion "1"]
[SourceVersionDate "2005.11.24"]
[SourceQuality "1"]
[WhiteTeam "Werne SK"]
[BlackTeam "Brambauer"]
[WhiteTeamCountry "GER"]
[BlackTeamCountry "GER"]

1. f4 d5 2. Nf3 Nf6 3. b3 Bf5 4. e3 e6 5. Bb2 Nbd7 6. Be2 c6 7. 0-0 h6 8. d3 Bc5 9. Bd4 Qb6 10. Nc3 Qa5 11. Qe1 0-0-0 12. Na4 Qxe1 13. Rfxe1 Bxd4 14. Nxd4 Bh7 15. b4 Rhe8 16. Nb2 e5 17. fxe5 Nxe5 18. c4 dxc4 19. dxc4 Neg4 20. Bxg4+ Nxg4 21. Nf3 Nxe3 22. Rac1 Nc2 23. Rxe8 Rxe8 24. b5 Re2 25. Na4 Ne3 26. Ne1 Rxa2 27. Nc3 Rd2 28. bxc6 bxc6 29. g3 Rd4 30. c5 Rc4 31. Ne2 Ra4 32. Nf3 Nc2 33. Kf2 Ra2 34. Kg1 a5 35. Ne5 Nb4 36. Nc3 Rc2 37. Rxc2 Bxc2 38. Nxf7 a4 39. Nd6+ Kd7 40. Nc4 Bb3 41. Nb6+ Ke6 42. Ncxa4 Bxa4 43. Nxa4 Kd5 44. Kf2 Nd3+ 45. Ke3 Nxc5 46. Nb6+ Ke6 47. h3 Nd7 48. Na4 Ke5 49. Nb2 Ke6 50. Nd3 g5 51. h4 Kf5 52. hxg5 hxg5 53. Nf2 1/2-1/2

[Event "Ruhrgebiet VL1 0405"]
[Site "Ruhrgebiet"]
[Date "2004.10.10"]
[Round "2.7"]
[White "Belic, Zivko"]
[Black "Bauch, Olaf"]
[Result "0-1"]
[WhiteElo "1896"]
[BlackElo "1890"]
[PlyCount "54"]
[EventDate "2004.09.12"]
[EventType "team"]
[EventRounds "9"]
[EventCountry "GER"]
[SourceTitle "EXT 2006"]
[Source "ChessBase"]
[SourceDate "2005.11.24"]
[SourceVersion "1"]
[SourceVersionDate "2005.11.24"]
[SourceQuality "1"]
[WhiteTeam "Dortmund Kleiner Koenig"]
[BlackTeam "Brambauer"]
[WhiteTeamCountry "GER"]
[BlackTeamCountry "GER"]

1. e4 d5 2. exd5 Qxd5 3. Nc3 Qa5 4. d4 Bf5 5. Nf3 c6 6. Bc4 Nf6 7. 0-0 e6 8. Ne5 Nbd7 9. Qe2 Nxe5 10. dxe5 Nd7 11. Re1 Be7 12. a3 0-0 13. g4 Bg6 14. f4 Rad8 15. Kg2 Nb6 16. Bb3 c5 17. Be3 c4 18. Ba2 Nd5 19. Bd2 Nxc3 20. Bxc3 Qd5+ 21. Kg3 b5 22. Ba5 Rd7 23. Rad1 Qc6 24. Rxd7 Qxd7 25. Rd1 Qc6 26. c3 Bd3 27. Qf3 Bh4+ 0-1

[Event "Ruhrgebiet VK1 0001"]
[Site "Ruhrgebiet"]
[Date "2001.03.18"]
[Round "7"]
[White "Bauch, Olaf"]
[Black "Starp, Klaus"]
[Result "1-0"]
[WhiteElo "1855"]
[BlackElo "1929"]
[PlyCount "73"]
[EventDate "2000.09.17"]
[EventType "team-tourn"]
[EventRounds "9"]
[EventCountry "GER"]
[SourceTitle "EXT 2023"]
[Source "ChessBase"]
[SourceDate "2022.10.05"]
[SourceVersion "1"]
[SourceVersionDate "2022.10.05"]
[SourceQuality "1"]
[WhiteTeam "Doppelbauer Brambauer"]
[BlackTeam "Ahlen II"]
[WhiteTeamCountry "GER"]
[BlackTeamCountry "GER"]

1. e4 c5 2. Nf3 d6 3. d4 cxd4 4. Nxd4 Nf6 5. Nc3 a6 6. g3 e5 7. Nb3 Be6 8. Bg2 Be7 9. 0-0 0-0 10. h3 b5 11. Be3 Nbd7 12. Nd5 Bxd5 13. exd5 Nb6 14. Na5 Qc7 15. Nc6 Nc4 16. b3 Nxe3 17. fxe3 Rfe8 18. c4 Nd7 19. Kh2 Bf6 20. e4 Nb8 21. Qg4 Nxc6 22. dxc6 h5 23. Qxh5 Qxc6 24. Rac1 b4 25. h4 a5 26. Rce1 a4 27. Bh3 Rf8 28. Rxf6 gxf6 29. Bf5 Rfb8 30. Qh6 Qc7 31. Rf1 axb3 32. axb3 Ra2+ 33. Kh3 Rb2 34. Bh7+ Kh8 35. Rxf6 Rxb3 36. Bg6+ Kg8 37. Qh7+ 1-0

[Event "Ruhrgebiet VK1 0001"]
[Site "Ruhrgebiet"]
[Date "2001.02.18"]
[Round "6"]
[White "Maurer, Markus"]
[Black "Bauch, Olaf"]
[Result "0-1"]
[WhiteElo "1879"]
[BlackElo "1855"]
[PlyCount "78"]
[EventDate "2000.09.17"]
[EventType "team-tourn"]
[EventRounds "9"]
[EventCountry "GER"]
[SourceTitle "EXT 2023"]
[Source "ChessBase"]
[SourceDate "2022.10.05"]
[SourceVersion "1"]
[SourceVersionDate "2022.10.05"]
[SourceQuality "1"]
[WhiteTeam "Essen Listiger Bauer"]
[BlackTeam "Doppelbauer Brambauer"]
[WhiteTeamCountry "GER"]
[BlackTeamCountry "GER"]

1. d4 Nf6 2. c4 e6 3. Nc3 b6 4. e4 d6 5. Bd3 Bb7 6. Nge2 Nbd7 7. Ng3 a6 8. Be3 c5 9. Qe2 cxd4 10. Bxd4 Qc7 11. f3 Be7 12. 0-0 0-0 13. b3 Rfe8 14. Rac1 Bc6 15. Rfe1 Rad8 16. Qf2 Qb7 17. Bf1 b5 18. cxb5 axb5 19. a4 b4 20. Nb5 e5 21. Be3 g6 22. Na7 Nb8 23. Nxc6 Nxc6 24. Bb5 Rc8 25. Qd2 Bf8 26. Rc2 Nd7 27. Rd1 Nc5 28. Qd5 Na5 29. Bxc5 Qxd5 30. exd5 Re7 31. Bc4 dxc5 32. Ne4 Kg7 33. d6 Rd7 34. Rd5 f5 35. Nxc5 Rxd6 36. Ne6+ Rxe6 37. Rxa5 Rce8 38. Ra7+ Kh6 39. Rd2 Bc5+ 0-1

[Event "Ruhrgebiet VK1 0001"]
[Site "Ruhrgebiet"]
[Date "2000.11.19"]
[Round "3"]
[White "Matzat, Andre"]
[Black "Bauch, Olaf"]
[Result "1/2-1/2"]
[WhiteElo "2001"]
[BlackElo "1855"]
[PlyCount "125"]
[EventDate "2000.09.17"]
[EventType "team-tourn"]
[EventRounds "9"]
[EventCountry "GER"]
[SourceTitle "EXT 2023"]
[Source "ChessBase"]
[SourceDate "2022.10.05"]
[SourceVersion "1"]
[SourceVersionDate "2022.10.05"]
[SourceQuality "1"]
[WhiteTeam "Oberhausen II"]
[BlackTeam "Doppelbauer Brambauer"]
[WhiteTeamCountry "GER"]
[BlackTeamCountry "GER"]

1. d4 Nf6 2. c4 e6 3. g3 d5 4. Bg2 Be7 5. Nf3 0-0 6. 0-0 b6 7. Ne5 Bb7 8. Qa4 c6 9. Rd1 Qc8 10. Nd2 Nbd7 11. Nxd7 Qxd7 12. e4 dxe4 13. Nxe4 Rfd8 14. Bg5 Nxe4 15. Bxe7 Nxf2 16. Bxd8 Nxd1 17. Rxd1 Qxd8 18. Bxc6 Bxc6 19. Qxc6 Rc8 20. Qa4 Qg5 21. Qc2 Qe3+ 22. Kg2 g6 23. b3 h5 24. Qd3 Qg5 25. Qe4 Qa5 26. a4 Qc3 27. Qd3 Qxd3 28. Rxd3 Kf8 29. d5 exd5 30. Rxd5 Ke7 31. a5 Rc5 32. axb6 Rxd5 33. cxd5 axb6 34. Kf3 Kd6 35. Ke4 b5 36. h4 f6 37. Kd4 g5 38. Ke4 g4 39. b4 f5+ 40. Kxf5 Kxd5 41. Kg5 Ke4 42. Kxh5 Kf3 43. Kg6 Kxg3 44. h5 Kf3 45. h6 g3 46. h7 g2 47. h8Q g1Q+ 48. Kf7 Qa7+ 49. Ke6 Qa2+ 50. Kd6 Qc4 51. Qh5+ Ke4 52. Qc5 Kd3 53. Kc6 Kc3 54. Kb6 Kb3 55. Ka5 Kc3 56. Qxb5 Qa2+ 57. Kb6 Qe6+ 58. Ka5 Qa2+ 59. Kb6 Qe6+ 60. Ka5 Qa2+ 61. Qa4 Qd5+ 62. Kb6 Qd6+ 63. Qc6+ 1/2-1/2

[Event "Ruhrgebiet VK1 0001"]
[Site "Ruhrgebiet"]
[Date "2000.09.17"]
[Round "1"]
[White "Guth, Gerd Volker"]
[Black "Bauch, Olaf"]
[Result "0-1"]
[WhiteElo "1808"]
[BlackElo "1855"]
[PlyCount "50"]
[EventDate "2000.09.17"]
[EventType "team-tourn"]
[EventRounds "9"]
[EventCountry "GER"]
[SourceTitle "EXT 2023"]
[Source "ChessBase"]
[SourceDate "2022.10.05"]
[SourceVersion "1"]
[SourceVersionDate "2022.10.05"]
[SourceQuality "1"]
[WhiteTeam "Essen Rot Weiss"]
[BlackTeam "Doppelbauer Brambauer"]
[WhiteTeamCountry "GER"]
[BlackTeamCountry "GER"]

1. d4 d5 2. Nf3 Nf6 3. e3 Bg4 4. Nbd2 e6 5. a3 Nbd7 6. Be2 Bd6 7. c4 c6 8. b4 e5 9. c5 Bc7 10. dxe5 Nxe5 11. Bb2 Nxf3+ 12. Bxf3 Bf5 13. 0-0 0-0 14. Bxf6 Qxf6 15. e4 dxe4 16. Bxe4 Qe5 17. g3 Bxe4 18. Re1 Rad8 19. Rxe4 Rxd2 20. Qe1 Qd5 21. Re7 Bd8 22. Re2 Rd3 23. Re5 Qd7 24. Re4 Bf6 25. Rb1 Rd2 0-1